<?xml version="1.0" encoding="UTF-8"?>
<collection xmlns="http://www.loc.gov/MARC21/slim">
 <record>
  <leader>00843nam a22002175a 4500</leader>
  <controlfield tag="001">CEM.cems003615</controlfield>
  <controlfield tag="005">19000101000000.0</controlfield>
  <controlfield tag="008">130507s1982##################000#0#####d</controlfield>
  <controlfield tag="003">CEMS</controlfield>
  <datafield tag="082" ind1="0" ind2="4">
   <subfield code="a">468</subfield>
  </datafield>
  <datafield tag="100" ind1="1" ind2=" ">
   <subfield code="a">Kovacci, Ofelia</subfield>
  </datafield>
  <datafield tag="245" ind1="1" ind2="0">
   <subfield code="a">Lengua y literatura 3 /</subfield>
  </datafield>
  <datafield tag="260" ind1=" " ind2=" ">
   <subfield code="a">Argentina :</subfield>
   <subfield code="b">Huemul,</subfield>
   <subfield code="c">1982</subfield>
  </datafield>
  <datafield tag="300" ind1=" " ind2=" ">
   <subfield code="a">317 p.</subfield>
  </datafield>
  <datafield tag="505" ind1="0" ind2=" ">
   <subfield code="a">Los contenidos están distribuidos en unidades cuya organización es la siguiente: Comunicación y lenguaje; Literatura; Vocabulario; Expresión oral y escrita; Gramática; Normativa. Los temas tratados contienen actividades de aprendizaje y de fijación o evaluación</subfield>
  </datafield>
  <datafield tag="653" ind1=" " ind2=" ">
   <subfield code="a">Coordinacion</subfield>
  </datafield>
  <datafield tag="653" ind1=" " ind2=" ">
   <subfield code="a">Discurso argumentativo</subfield>
  </datafield>
  <datafield tag="653" ind1=" " ind2=" ">
   <subfield code="a">Discurso informativo</subfield>
  </datafield>
  <datafield tag="653" ind1=" " ind2=" ">
   <subfield code="a">Estilo directo</subfield>
  </datafield>
  <datafield tag="653" ind1=" " ind2=" ">
   <subfield code="a">Estilo indirecto</subfield>
  </datafield>
  <datafield tag="859" ind1=" " ind2=" ">
   <subfield code="a">CEMS</subfield>
   <subfield code="b">BIB. CEMS - 11 de abril</subfield>
   <subfield code="h">468</subfield>
   <subfield code="i">K849-1/III</subfield>
   <subfield code="p">12115.83</subfield>
   <subfield code="t">Ej.1</subfield>
  </datafield>
 </record>
</collection>
